00640nam a2200157 a 450000100100000000500170001000800410002704000250006824501120009324600270020526001000023230000330033256300600036570000290042570000280045400003970520201002033705.0130716s1998 br 000 0 spa d aDO-SdBNPbspacBNPHU00aBiblioteca virtual en salud =bVirtual health library /cEditado por Abel Laerte Packer, Elenice de Castro.14aVirtual health library aSao Paulo :bCentro Latinoamericano y del Caribe de Informacion en Ciencias de la Salud,c1998. a122, 120 p. :bil. ;c20 cm. aDos obras encuadernada junta con paginación invertida1 aLaerte Packer, Abeleed.1 aCastro, Elenice deeed.